[Event "AUTO-ADV-3010"]
[Site "http://www.queenalice.com/game.php?id=1233651"]
[Date "2013.11.20"]
[Round "1"]
[White "markim03"]
[Black "marcoswerneck"]
[Result "0-1"]
[WhiteElo "1746"]
[BlackElo "1807"]

1. d4 d5 2. c4 e6 3. Nf3 h6 4. Nc3 dxc4 5. e4 Bb4 6. Bxc4 Bxc3+ 7. bxc3 c6 8.
O-O Nd7 9. Be3 g5 10. Re1 Nb6 11. Be2 g4 12. Ne5 Nf6 13. Bxg4 Nxe4 14. Qc2 Nf6
15. c4 Nxg4 16. Nxg4 Bd7 17. Rad1 Qe7 18. d5 O-O-O 19. Bxb6 axb6 20. dxe6 Bxe6
21. Rxd8+ Qxd8 22. Ne5 h5 0-1

[Event "AUTO-ADV-3010"]
[Site "http://www.queenalice.com/game.php?id=1233660"]
[Date "2013.11.20"]
[Round "1"]
[White "TomasBlack"]
[Black "markim03"]
[Result "1-0"]
[WhiteElo "1714"]
[BlackElo "1518"]

1. e4 c5 2. f4 d6 3. d4 cxd4 4. Qxd4 Nc6 5. Bb5 Nf6 6. e5 Nd7 7. b4 Nxd4 8. Na3
Nxb5 9. Nxb5 dxe5 10. Be3 exf4 11. Bxf4 e5 12. Bd2 a6 13. Nc3 Bxb4 14. Rd1 Bxc3
15. Bxc3 O-O 16. Nf3 Qc7 17. O-O Qxc3 18. Rfe1 Qxc2 19. Rd2 Qc5+ 20. Rf2 Nf6 21.
Rxe5 Qa7 22. h3 Be6 23. Kh2 Qxf2 24. Rxe6 1-0

[Event "AUTO-ADV-3010"]
[Site "http://www.queenalice.com/game.php?id=1233661"]
[Date "2013.11.20"]
[Round "1"]
[White "markim03"]
[Black "TomasBlack"]
[Result "0-1"]
[WhiteElo "1510"]
[BlackElo "1722"]

1. d4 f5 2. c4 Nf6 3. Nc3 e6 4. Nf3 d6 5. Bg5 Be7 6. e3 Ne4 7. Nxe4 fxe4 8. Bxe7
Qxe7 9. Nd2 O-O 10. Nxe4 d5 11. cxd5 exd5 12. Nc3 Qf6 13. f3 c6 14. Bd3 Qh4+ 15.
g3 Qh3 16. Qe2 Nd7 17. O-O-O Nb6 18. e4 Be6 19. exd5 cxd5 20. g4 Rxf3 21. Qxe6+
Rf7 22. Nxd5 Rc8+ 23. Kb1 Nxd5 24. Qxc8+ Rf8 0-1

[Event "AUTO-ADV-3019"]
[Site "http://www.queenalice.com/game.php?id=1236869"]
[Date "2013.12.1"]
[Round "1"]
[White "markim03"]
[Black "RDario"]
[Result "0-1"]
[WhiteElo "1626"]
[BlackElo "1879"]

1. d4 c6 2. e4 d5 3. Bd3 Nf6 4. e5 Ng8 5. Nf3 Bg4 6. O-O e6 7. c4 Nd7 8. cxd5
cxd5 9. h3 Bh5 10. g4 Bg6 11. Nc3 Be7 12. Bf4 Bh4 13. Kg2 f5 14. gxf5 Bxf5 15.
Bxf5 exf5 16. Nxd5 g5 17. Nxh4 gxf4 0-1

[Event "AUTO-ADV-3019"]
[Site "http://www.queenalice.com/game.php?id=1236870"]
[Date "2013.12.1"]
[Round "1"]
[White "RDario"]
[Black "markim03"]
[Result "1-0"]
[WhiteElo "1885"]
[BlackElo "1620"]

1. c4 c5 2. Nf3 d6 3. Nc3 Nf6 4. g3 Nc6 5. Bg2 e5 6. d3 Be7 7. Nd5 Nxd5 8. cxd5
Nd4 9. e4 O-O 10. Nxd4 cxd4 11. f4 f5 12. Qh5 g6 13. Qf3 b6 14. fxe5 fxe4 15.
Qxe4 Bb7 16. e6 Qc7 17. Bh6 Rf6 18. Bg5 1-0

[Event "AUTO-ADV-3019"]
[Site "http://www.queenalice.com/game.php?id=1236871"]
[Date "2013.12.1"]
[Round "1"]
[White "markim03"]
[Black "Danado"]
[Result "0-1"]
[WhiteElo "1657"]
[BlackElo "1652"]

1. d4 d5 2. c4 dxc4 3. Nf3 h6 4. Nc3 c6 5. e4 Bg4 6. Bxc4 e6 7. O-O c5 8. d5 e5
9. h3 Bxf3 10. Qxf3 Nf6 11. Be3 Bd6 12. Nb5 a6 13. Nxd6+ Qxd6 14. Rac1 b5 15.
Be2 c4 16. Rc3 Nbd7 17. Rfc1 Rc8 18. b3 Nb6 0-1

[Event "AUTO-ADV-3019"]
[Site "http://www.queenalice.com/game.php?id=1236872"]
[Date "2013.12.1"]
[Round "1"]
[White "Danado"]
[Black "markim03"]
[Result "1-0"]
[WhiteElo "1668"]
[BlackElo "1641"]

1. d4 d5 2. Nc3 Nf6 3. h3 e6 4. Bg5 Be7 5. Bxf6 Bxf6 6. Nf3 O-O 7. e4 dxe4 8.
Nxe4 b6 9. Qd2 Bb7 10. Nxf6+ Qxf6 11. O-O-O Bxf3 12. gxf3 Nd7 13. Bb5 Rfd8 14.
Be2 c5 15. c3 cxd4 16. Qxd4 Qxd4 17. Rxd4 Nf6 18. Rxd8+ Rxd8 19. Kc2 1-0

[Event "AUTO-ADV-3019"]
[Site "http://www.queenalice.com/game.php?id=1236873"]
[Date "2013.12.1"]
[Round "1"]
[White "markim03"]
[Black "TITAN10"]
[Result "0-1"]
[WhiteElo "1537"]
[BlackElo "1886"]

1. d4 Nf6 2. c4 e6 3. Nc3 c5 4. Bg5 d5 5. e3 Be7 6. Bd3 h6 7. Bh4 Nbd7 8. cxd5
exd5 9. Nf3 c4 10. Be2 a6 11. O-O b5 12. a4 Bb7 13. h3 g5 14. Bg3 b4 15. Na2 a5
16. b3 c3 17. Rc1 Ne4 0-1

[Event "AUTO-ADV-3019"]
[Site "http://www.queenalice.com/game.php?id=1236874"]
[Date "2013.12.1"]
[Round "1"]
[White "TITAN10"]
[Black "markim03"]
[Result "1-0"]
[WhiteElo "1873"]
[BlackElo "1540"]

1. e4 c5 2. Nf3 d6 3. d4 cxd4 4. Nxd4 Nf6 5. Bd3 e5 6. Ne2 Be7 7. h3 O-O 8. O-O
Bxh3 9. gxh3 Qd7 10. Kh2 Nh5 11. Rg1 g6 12. Bh6 Rc8 13. c3 Bh4 14. Ng3 Nf4 15.
Bxf4 exf4 16. Nh1 Qe6 17. Qg4 Nc6 18. Qxh4 1-0

[Event "AUTO-ADV-3024"]
[Site "http://www.queenalice.com/game.php?id=1238160"]
[Date "2013.12.6"]
[Round "1"]
[White "Donyelko"]
[Black "markim03"]
[Result "1-0"]
[WhiteElo "1970"]
[BlackElo "1520"]

1. d4 d5 2. c4 c6 3. Nc3 e6 4. Nf3 Nf6 5. e3 Be7 6. Bd3 O-O 7. O-O dxc4 8. Bxc4
b5 9. Bb3 a5 10. a4 Bb7 11. axb5 cxb5 12. Re1 b4 13. Na4 Nc6 14. Qc2 Rc8 15. Qd3
e5 16. Qd1 1-0

[Event "AUTO-ADV-3024"]
[Site "http://www.queenalice.com/game.php?id=1238161"]
[Date "2013.12.6"]
[Round "1"]
[White "markim03"]
[Black "Donyelko"]
[Result "0-1"]
[WhiteElo "1522"]
[BlackElo "1960"]

1. d4 e6 2. e4 d5 3. exd5 exd5 4. c4 dxc4 5. Bxc4 Qe7+ 6. Qe2 Nc6 7. Be3 Nf6 8.
Nf3 Bg4 9. O-O Bxf3 10. Qxf3 O-O-O 11. Nc3 Nxd4 12. Bxd4 Rxd4 13. b3 a6 14. Nd5
Nxd5 15. Bxd5 c6 0-1

[Event "AUTO-ADV-3024"]
[Site "http://www.queenalice.com/game.php?id=1238174"]
[Date "2013.12.6"]
[Round "1"]
[White "Nias"]
[Black "markim03"]
[Result "1-0"]
[WhiteElo "1641"]
[BlackElo "1565"]

1. e4 c5 2. Bc4 e6 3. a3 d5 4. exd5 exd5 5. Ba2 Nf6 6. f3 Be7 7. d3 O-O 8. Bg5
Nbd7 9. Bxf6 Bxf6 10. Bxd5 Bxb2 11. Ra2 1-0

[Event "AUTO-ADV-3024"]
[Site "http://www.queenalice.com/game.php?id=1238175"]
[Date "2013.12.6"]
[Round "1"]
[White "markim03"]
[Black "Nias"]
[Result "0-1"]
[WhiteElo "1552"]
[BlackElo "1654"]

1. d4 d5 2. Nf3 f6 3. c4 c6 4. Nc3 e6 5. cxd5 cxd5 6. e4 a6 7. exd5 exd5 8. Be2
Bb4 9. O-O Bxc3 10. bxc3 Nc6 11. Re1 Nge7 0-1

[Event "AUTO-ADV-2801"]
[Site "http://www.queenalice.com/game.php?id=1238266"]
[Date "2013.12.7"]
[Round "2"]
[White "bouley"]
[Black "markim03"]
[Result "1-0"]
[WhiteElo "2062"]
[BlackElo "1676"]

1. e4 c5 2. Nf3 d6 3. d4 cxd4 4. Nxd4 Nf6 5. Nc3 a6 6. Be2 e5 7. Nf3 Be7 8. O-O
b5 9. Bg5 Nbd7 10. Qd2 O-O 11. Rfd1 h6 12. Bh4 Nd5 13. Qxd5 Rb8 14. Bxe7 1-0

[Event "AUTO-ADV-2801"]
[Site "http://www.queenalice.com/game.php?id=1238267"]
[Date "2013.12.7"]
[Round "2"]
[White "markim03"]
[Black "bouley"]
[Result "0-1"]
[WhiteElo "1659"]
[BlackElo "2110"]

1. d4 Nf6 2. c4 e6 3. Nf3 Bb4+ 4. Bd2 Nc6 5. a3 Bxd2+ 6. Nbxd2 O-O 7. e4 d6 8.
Be2 e5 9. dxe5 Nxe5 10. O-O Bg4 11. h3 Bh5 12. Nxe5 Bxe2 13. Qxe2 dxe5 14. Rad1
Qe7 15. Nf3 Rfd8 16. Rxd8+ Rxd8 17. Nd2 a5 18. f3 Qd6 0-1

[Event "AUTO-ADV-2801"]
[Site "http://www.queenalice.com/game.php?id=1238270"]
[Date "2013.12.7"]
[Round "2"]
[White "rpalmero"]
[Black "markim03"]
[Result "1-0"]
[WhiteElo "1962"]
[BlackElo "1597"]

1. c4 c5 2. Nc3 Nf6 3. e3 d5 4. cxd5 Nxd5 5. a3 Nxc3 6. bxc3 e6 7. Qc2 Be7 8.
Nf3 O-O 9. Bb2 b6 10. d4 Bb7 11. Be2 Nc6 12. Rd1 cxd4 13. cxd4 1-0

[Event "AUTO-ADV-2801"]
[Site "http://www.queenalice.com/game.php?id=1238271"]
[Date "2013.12.7"]
[Round "2"]
[White "markim03"]
[Black "rpalmero"]
[Result "0-1"]
[WhiteElo "1595"]
[BlackElo "1964"]

1. d4 Nf6 2. c4 e6 3. Nf3 c5 4. Nc3 cxd4 5. Nxd4 Nc6 6. Bg5 a6 7. Nxc6 bxc6 8.
e4 h6 9. Be3 d5 10. cxd5 cxd5 11. exd5 Nxd5 12. Nxd5 exd5 13. Be2 Bb4+ 14. Bd2
Qe7 0-1

[Event "AUTO-ADV-2935"]
[Site "http://www.queenalice.com/game.php?id=1238421"]
[Date "2013.12.7"]
[Round "2"]
[White "Andrez"]
[Black "markim03"]
[Result "1-0"]
[WhiteElo "2081"]
[BlackElo "1535"]

1. g4 d5 2. g5 e5 3. d3 g6 4. Bg2 Be6 5. h4 Nd7 6. f4 Qe7 7. Nc3 O-O-O 8. Nxd5
Bxd5 9. Bxd5 exf4 10. Bxf4 Nb6 11. Bg2 Qb4+ 12. Bd2 Qxb2 13. Nf3 Bg7 14. Rb1
Qxa2 15. O-O f6 16. c4 1-0

[Event "AUTO-ADV-2935"]
[Site "http://www.queenalice.com/game.php?id=1238422"]
[Date "2013.12.7"]
[Round "2"]
[White "markim03"]
[Black "Andrez"]
[Result "0-1"]
[WhiteElo "1533"]
[BlackElo "2083"]

1. d4 f5 2. c4 Nf6 3. Nc3 e6 4. Qc2 b6 5. e4 fxe4 6. Bg5 d5 7. cxd5 exd5 8. g3
h6 9. Be3 c6 10. Nge2 Bd6 11. O-O-O Bg4 12. h3 Bxe2 13. Bxe2 Nbd7 14. f4 Qe7 15.
g4 O-O-O 0-1

[Event "AUTO-ADV-2935"]
[Site "http://www.queenalice.com/game.php?id=1238430"]
[Date "2013.12.7"]
[Round "2"]
[White "AfeuLira"]
[Black "markim03"]
[Result "1-0"]
[WhiteElo "2110"]
[BlackElo "1599"]

1. d4 d5 2. Nf3 c6 3. e3 e6 4. c4 Nf6 5. Bd3 dxc4 6. Bxc4 b5 7. Be2 Bb4+ 8. Bd2
Bxd2+ 9. Nbxd2 Bb7 10. Rc1 O-O 11. O-O Nbd7 12. Qb3 1-0